[Event "ch-CHN 2018"]
[Site "Xinghua CHN"]
[Date "2018.04.18"]
[Round "1.1"]
[White "Lu, Shanglei"]
[Black "Zhou, Jianchao"]
[Result "1/2-1/2"]
[WhiteTitle "GM"]
[BlackTitle "GM"]
[WhiteElo "2640"]
[BlackElo "2616"]
[WhiteFideId "8603332"]
[BlackFideId "8603537"]
[EventDate "2018.04.18"]

1. e4 c5 2. Nf3 e6 3. d4 cxd4 4. Nxd4 Nc6 5. Nc3 Qc7 6. Be3 a6 7. Qd2 Nf6 8. f3
Be7 9. g4 b5 10. Nxc6 dxc6 11. h4 Qg3+ 12. Qf2 Qxf2+ 13. Kxf2 Bb7 14. g5 Nd7 15.
Bh3 Bc5 16. Ne2 Bxe3+ 17. Kxe3 Ke7 18. b3 c5 19. h5 g6 20. Nf4 Ne5 21. Nd3 Nxd3
22. cxd3 gxh5 23. Rac1 Rac8 24. Bf1 h6 25. Rxh5 hxg5 26. Rxh8 Rxh8 27. Rxc5 Rc8
28. Rxg5 Rc1 29. Be2 Rc2 30. a4 Bc6 31. Bd1 Ra2 32. axb5 Bxb5 33. Rc5 Kd6 34.
Rc8 Ra1 35. Bc2 Bc6 36. d4 a5 37. Rf8 Ke7 38. Rb8 Ra2 39. Kd2 f5 40. Kc3 fxe4
41. fxe4 a4 42. b4 Ra3+ 43. Kc4 Re3 44. d5 exd5+ 45. exd5 Bd7 46. Ra8 a3 47. b5
Kd6 48. b6 Re8 49. b7 Kc7 50. Ra7 Rb8 51. Kc5 Rxb7 52. Rxa3 Rb5+ 53. Kd4 Rb2 54.
Be4 Re2 55. Ke5 Be8 56. Rg3 Kb6 57. Rg8 Ba4 58. Kd4 Rd2+ 59. Kc3 Rd1 60. Bf3 Rf1
61. Be2 Re1 62. Bc4 Kc5 63. Rc8+ Kd6 64. Kd4 Rd1+ 65. Kc3 Bb5 66. Rb8 Rc1+ 67.
Kd2 Rxc4 68. Rxb5 Rd4+ 69. Ke3 Rxd5 70. Rxd5+ Kxd5 1/2-1/2

[Event "ch-CHN 2018"]
[Site "Xinghua CHN"]
[Date "2018.04.18"]
[Round "1.2"]
[White "Xu, Yi"]
[Black "Zeng, Chongsheng"]
[Result "1-0"]
[WhiteTitle "IM"]
[BlackTitle "GM"]
[WhiteElo "2522"]
[BlackElo "2542"]
[WhiteFideId "8605564"]
[BlackFideId "8603847"]
[EventDate "2018.04.18"]

1. e4 c5 2. Nf3 Nc6 3. Bb5 e6 4. Bxc6 bxc6 5. d3 Ne7 6. h4 h5 7. e5 Nf5 8. Nbd2
f6 9. Ne4 d6 10. exd6 Bxd6 11. Nxd6+ Qxd6 12. b3 Qc7 13. O-O e5 14. a4 Kf7 15.
Ba3 Be6 16. Bxc5 Rad8 17. Qe2 Bd5 18. a5 g5 19. hxg5 Rdg8 20. Be3 c5 21. Nd2 Nd4
22. Bxd4 Rxg5 23. Ne4 Rhg8 24. Nxg5+ Rxg5 25. f3 cxd4 26. Qf2 f5 27. Rae1 f4 28.
Qh4 Kg6 29. Re2 Qxa5 30. Kf2 Qd8 31. Rg1 Qf6 32. Rh1 Qc6 33. Rh2 a5 34. Kf1 Qc7
35. Qe1 Kf6 36. Qa1 Qc5 37. Rf2 Bc6 38. Rh1 Kg6 39. Ke1 Qb4+ 40. Kd1 Kh6 41. Kc1
Bb5 42. Re2 Kg6 43. Kb2 Be8 44. Qa3 Qc3+ 45. Kb1 Qb4 46. Qxb4 axb4 47. Kb2 Kf6
48. Ra1 h4 49. Ra6+ Kf5 50. Ra8 Bh5 51. Rf8+ Ke6 52. Rf2 h3 53. gxh3 Rg3 54. h4
Bxf3 55. Rh2 Ke7 56. Rc8 Bh5 57. Rh8 Bg4 58. h5 Kf7 59. h6 Rh3 60. Rg2 Rh4 61.
Rb8 f3 62. Rxg4 Rxh6 63. Rgg8 Ke7 1-0

[Event "ch-CHN 2018"]
[Site "Xinghua CHN"]
[Date "2018.04.18"]
[Round "1.3"]
[White "Bai, Jinshi"]
[Black "Liu, Guanchu"]
[Result "1-0"]
[WhiteTitle "GM"]
[BlackTitle "IM"]
[WhiteElo "2586"]
[BlackElo "2459"]
[WhiteFideId "8602280"]
[BlackFideId "8603901"]
[EventDate "2018.04.18"]

1. Nf3 Nf6 2. c4 e6 3. b3 b6 4. g3 Bb7 5. Bg2 c5 6. O-O Be7 7. Bb2 O-O 8. d4
cxd4 9. Qxd4 Nc6 10. Qf4 d5 11. Rd1 Qb8 12. Ne5 Bd6 13. Nxc6 Bxc6 14. Qe3 Bc5
15. Qf3 Ne4 16. e3 f5 17. Qe2 dxc4 18. Qxc4 Qe8 19. Nd2 Bd5 20. Qe2 Qg6 21. Rac1
Rad8 22. Be5 Nf6 23. Bxf6 Qxf6 24. Bxd5 Rxd5 25. Nf3 Rfd8 26. Rxd5 Rxd5 27. Qa6
Qe7 28. a3 h6 29. b4 Bd6 30. Rc8+ Kh7 31. Ra8 b5 32. Rxa7 Qf6 33. Qc6 f4 34.
Qc2+ 1-0

[Event "ch-CHN 2018"]
[Site "Xinghua CHN"]
[Date "2018.04.18"]
[Round "1.4"]
[White "Xu, Jun"]
[Black "Fang, Yuxiang"]
[Result "1/2-1/2"]
[WhiteTitle "GM"]
[BlackTitle "GM"]
[WhiteElo "2501"]
[BlackElo "2502"]
[WhiteFideId "8600031"]
[BlackFideId "8605840"]
[EventDate "2018.04.18"]

1. c4 e6 2. g3 d5 3. Bg2 Nf6 4. Nf3 dxc4 5. Qa4+ c6 6. Qxc4 b5 7. Qc2 Bb7 8. Nc3
Nbd7 9. O-O Be7 10. d4 O-O 11. Rd1 Rc8 12. Ne5 Nd5 13. Nxd7 Qxd7 14. Ne4 Rfd8
15. Bd2 Nb4 16. Qb3 a5 17. Nc5 Bxc5 18. dxc5 Qxd2 19. Rxd2 Rxd2 20. Rc1 Rcd8 21.
a3 Nd5 22. a4 Ba6 23. Bf1 b4 24. e4 Nc7 25. Bxa6 Nxa6 26. Qc4 Nc7 27. Rb1 R8d4
28. Qc1 e5 29. Qf1 g6 30. f4 Ne6 31. f5 Ng5 32. fxg6 hxg6 33. Qf6 Nh3+ 34. Kh1
Nf2+ 35. Kg1 Rxe4 36. Qxc6 Kg7 37. Kf1 f5 38. Re1 Ng4 39. Rxe4 Nxh2+ 40. Ke1
Nf3+ 41. Kf1 Nh2+ 42. Ke1 Nf3+ 43. Kf1 Nh2+ 1/2-1/2

[Event "ch-CHN 2018"]
[Site "Xinghua CHN"]
[Date "2018.04.18"]
[Round "1.5"]
[White "Xu, Xiangyu"]
[Black "Liu, Yan"]
[Result "0-1"]
[WhiteTitle "GM"]
[BlackTitle "IM"]
[WhiteElo "2574"]
[BlackElo "2481"]
[WhiteFideId "8608288"]
[BlackFideId "8608962"]
[EventDate "2018.04.18"]

1. d4 Nf6 2. c4 e6 3. g3 Bb4+ 4. Nd2 c5 5. a3 Bxd2+ 6. Qxd2 cxd4 7. Nf3 b6 8.
Bg2 Bb7 9. O-O Bxf3 10. exf3 Nc6 11. b4 Rc8 12. f4 O-O 13. Bb2 d6 14. Bxd4 Nxd4
15. Qxd4 e5 16. fxe5 dxe5 17. Qxe5 Rxc4 18. Rac1 Qd3 19. Rxc4 Qxc4 20. Re1 h6
21. Bf1 Qc8 22. Qf4 Qc3 23. Re3 Qc1 24. Qf3 Rd8 25. Kg2 Qc7 26. Bd3 Qd7 27. Bc4
Rc8 28. Bb3 Kf8 29. Rd3 Qc6 30. Rd8+ Ke7 31. Rxc8 Qxc8 32. h3 Kf8 33. g4 Qe8 34.
Bc2 Qd8 35. Bb3 g6 36. Qe3 Kg7 37. f3 Qd6 38. h4 Nd7 39. Kh3 Ne5 40. Bc2 Qf6 41.
Be4 Nc4 42. Qd3 Nd6 43. Bd5 Qe5 44. Bb3 h5 45. Kg2 hxg4 46. fxg4 Ne4 47. Qe3
Qb2+ 48. Kh3 Nd2 49. Bd5 Nf1 50. Qf4 Qxa3+ 51. Qf3 Qxf3+ 52. Bxf3 a5 53. bxa5
bxa5 54. Kg2 Nd2 55. Bc6 Nc4 56. h5 g5 57. Be8 Ne5 58. Kg3 Kf6 59. Bb5 Ke7 60.
Ba4 Kf8 61. Bb5 Kg8 62. Ba4 f6 63. Bd1 Kg7 64. Kf2 a4 65. Bxa4 Nxg4+ 66. Kf3 f5
67. Bc2 Kf6 68. Ba4 Ke5 69. Bd7 Nh6 70. Kg3 Ke4 71. Bc8 f4+ 72. Kh3 Kf3 73. Bd7
Kf2 74. Be6 f3 75. Bg4 Ke3 76. Bd7 Kf4 77. Kh2 g4 78. Be6 Nf5 79. Bd7 g3+ 80.
Kh3 f2 81. Bb5 Ne3 82. Bf1 Nxf1 0-1

[Event "ch-CHN 2018"]
[Site "Xinghua CHN"]
[Date "2018.04.18"]
[Round "1.6"]
[White "Wang, Chen"]
[Black "Wen, Yang"]
[Result "0-1"]
[WhiteTitle "IM"]
[BlackTitle "GM"]
[WhiteElo "2495"]
[BlackElo "2585"]
[WhiteFideId "8601020"]
[BlackFideId "8602956"]
[EventDate "2018.04.18"]

1. e4 c5 2. Nc3 Nc6 3. g3 g6 4. Bg2 Bg7 5. Nge2 d6 6. O-O Nf6 7. d3 O-O 8. h3
Rb8 9. Be3 b5 10. a3 a5 11. Qd2 Ba6 12. f4 b4 13. axb4 cxb4 14. Na4 Nd7 15. c4
e5 16. f5 Nd4 17. Nxd4 exd4 18. Bh6 Be5 19. g4 Bb7 20. g5 Bc6 21. Qf2 Re8 22. b3
Bxa4 23. Rxa4 Nc5 24. f6 Nxb3 25. Bg7 Nc5 26. Raa1 Ne6 0-1

[Event "ch-CHN 2018"]
[Site "Xinghua CHN"]
[Date "2018.04.19"]
[Round "2.1"]
[White "Zhou, Jianchao"]
[Black "Wen, Yang"]
[Result "1/2-1/2"]
[WhiteTitle "GM"]
[BlackTitle "GM"]
[WhiteElo "2616"]
[BlackElo "2585"]
[WhiteFideId "8603537"]
[BlackFideId "8602956"]
[EventDate "2018.04.18"]

1. g3 Nf6 2. Bg2 d5 3. Nf3 g6 4. c4 c6 5. b3 Bg7 6. Bb2 Bg4 7. O-O O-O 8. d3
Bxf3 9. Bxf3 e6 10. Qc2 a5 11. a3 Ne8 12. d4 Nd6 13. Nd2 Nd7 14. e3 h5 15. b4 f5
16. bxa5 Rxa5 17. Bc3 Ra8 18. Bb4 Nf6 19. cxd5 cxd5 20. Qc5 Nfe8 21. Rfc1 Rf7
22. Qc2 h4 23. Be2 Bf6 24. Qd1 Rh7 25. Bd3 hxg3 26. hxg3 Nf7 27. Kg2 Be7 28. Qb3
Nf6 29. Rh1 Rxh1 30. Rxh1 Kg7 31. Rb1 Ra7 32. a4 Bxb4 33. Qxb4 Qd6 34. Qb6 Rxa4
35. Qxb7 Ra2 36. Rb2 Rxb2 1/2-1/2

[Event "ch-CHN 2018"]
[Site "Xinghua CHN"]
[Date "2018.04.19"]
[Round "2.2"]
[White "Liu, Yan"]
[Black "Wang, Chen"]
[Result "1/2-1/2"]
[WhiteTitle "IM"]
[BlackTitle "IM"]
[WhiteElo "2481"]
[BlackElo "2495"]
[WhiteFideId "8608962"]
[BlackFideId "8601020"]
[EventDate "2018.04.18"]

1. d4 d5 2. c4 e6 3. Nf3 Nf6 4. Nc3 Nbd7 5. Bf4 dxc4 6. e3 Bd6 7. Bxd6 cxd6 8.
Bxc4 d5 9. Bd3 O-O 10. O-O b6 11. Qe2 Bb7 12. Rfc1 a6 13. Na4 Qb8 14. Rc2 Rc8
15. Rac1 g6 16. Rxc8+ Bxc8 17. Qc2 Bb7 18. Qc7 b5 19. Qxb8+ Rxb8 20. Nc5 Rc8 21.
b4 Kf8 22. Rc2 Nxc5 23. bxc5 Nd7 24. Nd2 Nb8 25. Rb2 Nc6 26. a4 b4 27. Nb3 Rb8
28. f3 Ke7 29. Kf2 f5 30. f4 Kf6 31. h4 Bc8 32. Rb1 h6 33. Rb2 Kg7 34. Rb1 Kf6
35. Rb2 Kg7 36. Rb1 Kf6 1/2-1/2

[Event "ch-CHN 2018"]
[Site "Xinghua CHN"]
[Date "2018.04.19"]
[Round "2.3"]
[White "Fang, Yuxiang"]
[Black "Xu, Xiangyu"]
[Result "0-1"]
[WhiteTitle "GM"]
[BlackTitle "GM"]
[WhiteElo "2502"]
[BlackElo "2574"]
[WhiteFideId "8605840"]
[BlackFideId "8608288"]
[EventDate "2018.04.18"]

1. Nf3 c5 2. c4 Nc6 3. Nc3 e5 4. e3 Nf6 5. d4 e4 6. d5 exf3 7. dxc6 fxg2 8.
cxd7+ Bxd7 9. Bxg2 g6 10. b3 Bg7 11. Bb2 O-O 12. Qd2 Qe7 13. O-O-O Bc6 14. Bxc6
bxc6 15. Qe2 Rad8 16. Rxd8 Rxd8 17. Rd1 h5 18. Rxd8+ Qxd8 19. Na4 Qd6 20. h3 Ne4
21. Bxg7 Kxg7 22. f3 Ng5 23. Qg2 Qe5 24. Kd2 Qf5 25. f4 Ne4+ 26. Ke1 h4 27. Qf3
Ng3 28. Qxc6 Qc2 0-1

[Event "ch-CHN 2018"]
[Site "Xinghua CHN"]
[Date "2018.04.19"]
[Round "2.4"]
[White "Liu, Guanchu"]
[Black "Xu, Jun"]
[Result "1/2-1/2"]
[WhiteTitle "IM"]
[BlackTitle "GM"]
[WhiteElo "2459"]
[BlackElo "2501"]
[WhiteFideId "8603901"]
[BlackFideId "8600031"]
[EventDate "2018.04.18"]

1. e4 e5 2. Nf3 Nc6 3. c3 Nf6 4. d4 exd4 5. e5 Ne4 6. Qe2 f5 7. exf6 d5 8. Nxd4
Nxd4 9. cxd4 Bb4+ 10. Bd2 Bxd2+ 11. Nxd2 O-O 12. Nxe4 Re8 13. O-O-O Rxe4 14. Qf3
Qxf6 15. Qxf6 gxf6 16. Bd3 Re8 17. Kd2 Bg4 18. f3 Bh5 19. Rde1 Bg6 20. Bxg6 hxg6
21. Rxe8+ Rxe8 22. Re1 Rxe1 23. Kxe1 a5 24. h4 b6 25. g4 c5 26. b3 f5 27. Kd2
fxg4 28. fxg4 Kf7 29. Kc3 Ke6 30. Kd3 Kf6 31. Ke3 Kf7 32. Kf4 Kf6 33. a4 Ke6 34.
h5 gxh5 35. gxh5 Kf6 36. Kg4 Kg7 37. Kf4 Kf6 38. Kg4 Kg7 39. Kf4 1/2-1/2

[Event "ch-CHN 2018"]
[Site "Xinghua CHN"]
[Date "2018.04.19"]
[Round "2.5"]
[White "Zeng, Chongsheng"]
[Black "Bai, Jinshi"]
[Result "1/2-1/2"]
[WhiteTitle "GM"]
[BlackTitle "GM"]
[WhiteElo "2542"]
[BlackElo "2586"]
[WhiteFideId "8603847"]
[BlackFideId "8602280"]
[EventDate "2018.04.18"]

1. d4 Nf6 2. Nf3 g6 3. Bg5 Bg7 4. Nbd2 O-O 5. e4 d5 6. exd5 Nxd5 7. c3 c5 8.
dxc5 h6 9. Bh4 Nf4 10. Nb3 Qc7 11. Bg3 Rd8 12. Nfd4 Qe5+ 13. Qe2 Qxd4 14. Nxd4
Nxe2 15. Bxe2 Bxd4 16. cxd4 Nc6 17. O-O Nxd4 18. Bd1 Be6 19. Re1 Nc6 20. a3 a5
21. Bf4 h5 22. h4 Rd4 23. Bg5 Rad8 24. Rc1 R8d7 25. g3 Ne5 26. Be2 Nd3 27. Bxd3
Rxd3 28. b4 axb4 29. axb4 Rb3 30. Rb1 Rxb1 31. Rxb1 Bf5 32. Rb2 Rd1+ 33. Kg2 f6
34. Bd2 Rb1 35. Ra2 Be4+ 36. f3 Bd5 37. Rc2 Kf7 38. Kf2 Rb3 39. Bc3 Bc6 40. Ke3
Ke6 41. Rc1 Kd5 42. Kd3 Ra3 43. Ra1 Bb5+ 44. Kc2 Rxa1 45. Bxa1 Be2 46. Kd2 Bxf3
47. Ke3 Bg4 48. Bc3 Kc4 49. Be1 Bf5 50. Bd2 Bd7 51. Ke2 Bb5 52. Kf2 Bc6 53. Ke2
e5 54. Kf2 Kb3 55. Ke2 Bb5+ 56. Kf2 Bc4 57. Ke1 Ba6 58. Kf2 Bb5 59. Ke1 Kc4 60.
Kf2 f5 61. Ke3 Bc6 62. Ke2 Bd5 63. Kf2 Bc6 64. Ke2 Kb3 65. Kd1 Bb5 66. Ke1 Bc4
67. Kf2 Bd5 68. Ke2 Bc6 69. Kd1 Kc4 70. Ke2 Kd4 71. Be3+ Ke4 72. Bg5 Bb5+ 73.
Kf2 Kd3 74. Bf6 e4 75. Bg5 Kc3 76. Ke3 Bc6 77. Be7 Kxb4 78. Bf8 Kc4 79. Be7 Kd5
80. Bf8 Ke6 81. Kf4 Kd5 82. Ke3 Kc4 83. Be7 Kc3 84. Bd8 Kc2 85. Ba5 Kd1 86. Bc3
Kc2 87. Ba5 Kd1 88. Bc3 Kc2 1/2-1/2

[Event "ch-CHN 2018"]
[Site "Xinghua CHN"]
[Date "2018.04.19"]
[Round "2.6"]
[White "Lu, Shanglei"]
[Black "Xu, Yi"]
[Result "1-0"]
[WhiteTitle "GM"]
[BlackTitle "IM"]
[WhiteElo "2640"]
[BlackElo "2522"]
[WhiteFideId "8603332"]
[BlackFideId "8605564"]
[EventDate "2018.04.18"]

1. e4 c6 2. d3 d5 3. Nd2 e5 4. Ngf3 Bd6 5. b3 Nf6 6. Bb2 Nbd7 7. g3 O-O 8. Bg2
Re8 9. O-O a5 10. a3 b5 11. d4 dxe4 12. Ng5 Bc7 13. Ndxe4 Nxe4 14. Nxe4 f5 15.
Nc3 e4 16. d5 Nf6 17. dxc6 Ba6 18. Qxd8 Raxd8 19. Rfd1 Be5 20. Bf1 Ra8 21. Ra2
Reb8 22. Nxb5 Bxb2 23. Nc7 Bxf1 24. Nxa8 Rxa8 25. c7 Re8 26. Rd8 Ba6 27. Rxb2
Kf7 28. b4 e3 29. fxe3 Rxe3 30. b5 Ng4 31. bxa6 1-0

[Event "ch-CHN 2018"]
[Site "Xinghua CHN"]
[Date "2018.04.20"]
[Round "3.1"]
[White "Xu, Yi"]
[Black "Zhou, Jianchao"]
[Result "1/2-1/2"]
[WhiteTitle "IM"]
[BlackTitle "GM"]
[WhiteElo "2522"]
[BlackElo "2616"]
[WhiteFideId "8605564"]
[BlackFideId "8603537"]
[EventDate "2018.04.18"]

1. e4 e5 2. Nf3 Nc6 3. Bc4 Bc5 4. O-O d6 5. c3 Nf6 6. d3 O-O 7. a4 a5 8. Na3 h6
9. Nc2 Re8 10. Be3 Bxe3 11. Nxe3 Be6 12. Bxe6 Rxe6 13. Nd5 Re8 14. Re1 Nxd5 15.
exd5 Ne7 16. d4 Nxd5 17. dxe5 dxe5 18. Nxe5 Nf6 19. Qb3 Qd5 20. Qxd5 Nxd5 21.
Nc4 b6 22. g3 Kf8 23. Kg2 Rxe1 24. Rxe1 Re8 25. Rd1 Nf6 26. Ne3 g6 27. Kf3 Re5
28. Rd4 Ke7 29. h3 Ke6 30. Rd8 Ke7 31. Rd4 Ke6 32. Rd8 Ke7 33. Rd4 Ke6 1/2-1/2

[Event "ch-CHN 2018"]
[Site "Xinghua CHN"]
[Date "2018.04.20"]
[Round "3.2"]
[White "Bai, Jinshi"]
[Black "Lu, Shanglei"]
[Result "1/2-1/2"]
[WhiteTitle "GM"]
[BlackTitle "GM"]
[WhiteElo "2586"]
[BlackElo "2640"]
[WhiteFideId "8602280"]
[BlackFideId "8603332"]
[EventDate "2018.04.18"]

1. d4 Nf6 2. c4 e6 3. Nf3 d5 4. g3 Be7 5. Bg2 O-O 6. Nc3 dxc4 7. Ne5 c5 8. dxc5
Qxd1+ 9. Nxd1 Nbd7 10. Nxc4 Nxc5 11. Nc3 Bd7 12. O-O Rac8 13. Ne5 Rfd8 14. Rd1
Be8 15. Rxd8 Rxd8 16. Be3 b6 17. h3 Na4 18. Nxa4 Bxa4 19. Rc1 Bd6 20. Nc6 Bxc6
21. Bxc6 Nd5 22. Bxd5 exd5 23. Bd4 h5 24. Kg2 f6 25. g4 hxg4 26. hxg4 Kf7 27. e3
g5 28. a4 Ke6 29. a5 bxa5 30. Rc6 Rd7 31. Ra6 Kf7 32. f4 gxf4 33. exf4 f5 34.
Kf3 fxg4+ 35. Kxg4 Be7 36. Kf5 Bd8 37. Rh6 a4 38. Rh7+ Ke8 39. Rh8+ Kf7 40. Rh7+
Ke8 41. Rh8+ Kf7 42. Bc5 d4 43. Rh7+ Ke8 44. Rh8+ Kf7 45. Rh7+ Ke8 46. Rxd7 Kxd7
47. Ke4 a5 48. f5 Ke8 49. Kd3 Kf7 50. Kc4 Kf6 51. Bxd4+ Kxf5 52. Kb5 Ke4 53. Bc3
Kd3 54. Kxa4 Kc2 55. Bd4 Bg5 56. Kxa5 Bc1 57. b4 Bd2 58. Kb5 Bxb4 59. Kxb4 1/2-1/2

[Event "ch-CHN 2018"]
[Site "Xinghua CHN"]
[Date "2018.04.20"]
[Round "3.3"]
[White "Xu, Jun"]
[Black "Zeng, Chongsheng"]
[Result "1-0"]
[WhiteTitle "GM"]
[BlackTitle "GM"]
[WhiteElo "2501"]
[BlackElo "2542"]
[WhiteFideId "8600031"]
[BlackFideId "8603847"]
[EventDate "2018.04.18"]

1. d4 d5 2. c4 e6 3. Nc3 Bb4 4. Nf3 dxc4 5. a3 Bxc3+ 6. bxc3 a6 7. a4 c5 8. e3
Nc6 9. Bxc4 Qa5 10. Bb2 cxd4 11. exd4 Nf6 12. O-O O-O 13. Re1 Rd8 14. Bf1 Ne7
15. c4 Ng6 16. Qb3 Bd7 17. d5 exd5 18. Bxf6 gxf6 19. cxd5 Bg4 20. Nd4 Rd7 21.
Bc4 Rc8 22. Nc2 Ne5 23. Ne3 Rxc4 24. Nxc4 Qxd5 25. h3 Bf3 26. Re3 Bd1 27. Rg3+
Ng6 28. Qc3 Qe6 29. Ne3 Bh5 30. Qc5 Be2 31. Nf5 h5 32. Rc1 Bd3 33. Nd4 Rxd4 34.
Qxd4 Bf5 35. Re3 Ne5 36. Rc7 b5 37. f4 Nc6 38. Qc5 Be4 39. Rg3+ 1-0

[Event "ch-CHN 2018"]
[Site "Xinghua CHN"]
[Date "2018.04.20"]
[Round "3.4"]
[White "Xu, Xiangyu"]
[Black "Liu, Guanchu"]
[Result "1/2-1/2"]
[WhiteTitle "GM"]
[BlackTitle "IM"]
[WhiteElo "2574"]
[BlackElo "2459"]
[WhiteFideId "8608288"]
[BlackFideId "8603901"]
[EventDate "2018.04.18"]

1. d4 Nf6 2. g3 e6 3. Bg2 c5 4. Nf3 b5 5. e4 Bb7 6. e5 Nd5 7. a4 a6 8. O-O Nc6
9. Nc3 Nxc3 10. bxc3 Be7 11. dxc5 O-O 12. Qd3 Qb8 13. axb5 axb5 14. Bf4 Qc8 15.
Rfd1 Rxa1 16. Rxa1 b4 17. Rb1 bxc3 18. Ng5 Bxg5 19. Bxg5 Ba8 20. Qxc3 h6 21. Bd2
Ne7 22. Bxa8 Qxa8 23. Qd3 Nc6 24. Bc3 Qa7 25. Rb6 Ra8 26. Kg2 Ne7 27. Qb5 Nc6
28. h4 Qa4 29. Qd3 Ne7 30. Bd4 Nd5 31. Rd6 Rb8 32. c6 dxc6 33. c4 Ne7 34. Bc3
Qa3 35. Kh2 h5 36. Bd2 1/2-1/2

[Event "ch-CHN 2018"]
[Site "Xinghua CHN"]
[Date "2018.04.20"]
[Round "3.5"]
[White "Wang, Chen"]
[Black "Fang, Yuxiang"]
[Result "0-1"]
[WhiteTitle "IM"]
[BlackTitle "GM"]
[WhiteElo "2495"]
[BlackElo "2502"]
[WhiteFideId "8601020"]
[BlackFideId "8605840"]
[EventDate "2018.04.18"]

1. Nf3 d5 2. g3 Nf6 3. Bg2 g6 4. O-O Bg7 5. d4 O-O 6. c3 c6 7. Ne5 Nbd7 8. Bf4
Nh5 9. Nd3 Nxf4 10. gxf4 Nf6 11. Nd2 Bf5 12. Ne5 Qc7 13. Qb3 Rad8 14. e3 Qc8 15.
Qa3 Qc7 16. Rac1 e6 17. c4 Rfe8 18. Qc3 Nh5 19. Kh1 Qe7 20. b4 a6 21. Nef3 h6
22. Ne5 Nf6 23. Rg1 Nd7 24. Bf1 Nxe5 25. fxe5 f6 26. f4 fxe5 27. fxe5 Rf8 28.
Rg3 g5 29. Kg1 h5 30. h3 h4 31. Rf3 g4 32. Rf2 gxh3 33. Be2 Bg6 34. Rh2 Rf5 35.
Kh1 Rdf8 36. Rg1 Rg5 37. Bg4 Bf5 38. Bf3 Rg3 39. Rf2 Qg5 40. Rgf1 Be4 41. Nxe4
dxe4 0-1

[Event "ch-CHN 2018"]
[Site "Xinghua CHN"]
[Date "2018.04.20"]
[Round "3.6"]
[White "Wen, Yang"]
[Black "Liu, Yan"]
[Result "1/2-1/2"]
[WhiteTitle "GM"]
[BlackTitle "IM"]
[WhiteElo "2585"]
[BlackElo "2481"]
[WhiteFideId "8602956"]
[BlackFideId "8608962"]
[EventDate "2018.04.18"]

1. e4 c5 2. Nf3 d6 3. d4 cxd4 4. Nxd4 Nf6 5. Nc3 a6 6. g3 e5 7. Nde2 Nbd7 8. a4
b6 9. Nd5 Bb7 10. Nec3 Nxd5 11. Nxd5 Be7 12. Bc4 Nf6 13. Be3 Nxd5 14. Bxd5 Rb8
15. Bxb7 Rxb7 16. Qd3 b5 17. axb5 Rxb5 18. b3 Qc8 19. O-O O-O 20. Ra4 Qb7 21.
Rfa1 Ra8 22. Ra5 Rxa5 23. Rxa5 Bd8 24. Ra4 Bc7 25. Rc4 h5 26. Qd5 Qxd5 27. exd5
Bd8 28. Rc6 Be7 29. Bc1 a5 30. Ba3 a4 31. bxa4 Rxa4 32. Bxd6 Bxd6 33. Rxd6 Kf8
34. Rc6 Rd4 35. c4 Ke7 36. h4 Kd7 37. Kf1 f6 38. Ke2 g5 39. hxg5 fxg5 40. Re6 h4
41. gxh4 gxh4 42. Rxe5 Rxc4 43. Ke3 Kd6 44. f4 h3 45. Rh5 h2 46. Kf3 Rc1 47.
Rxh2 Kxd5 48. Re2 Rc8 49. f5 Rc4 50. Kg3 Kd6 51. f6 Kd7 52. Re7+ Kd8 53. Re5 Kd7
54. Kf3 Rc6 55. Rf5 Ke8 56. Kg4 Kf7 57. Kg5 Rc1 58. Ra5 Rg1+ 59. Kf5 Rf1+ 60.
Kg5 Rg1+ 61. Kf5 Rf1+ 62. Ke4 1/2-1/2

[Event "ch-CHN 2018"]
[Site "Xinghua CHN"]
[Date "2018.04.21"]
[Round "4.1"]
[White "Zhou, Jianchao"]
[Black "Liu, Yan"]
[Result "1/2-1/2"]
[WhiteTitle "GM"]
[BlackTitle "IM"]
[WhiteElo "2616"]
[BlackElo "2481"]
[WhiteFideId "8603537"]
[BlackFideId "8608962"]
[EventDate "2018.04.18"]

1. Nf3 Nf6 2. c4 e6 3. g3 a6 4. Bg2 b5 5. b3 Bb7 6. O-O c5 7. d3 Be7 8. e4 d6 9.
Nc3 b4 10. Ne2 Nc6 11. Qc2 Nd7 12. d4 cxd4 13. Nfxd4 Nxd4 14. Nxd4 O-O 15. Be3
Nc5 16. Rad1 Qb6 17. Rd2 Rfe8 18. Rfd1 g6 19. Ne2 e5 20. Nc1 Qc7 21. f3 a5 22.
h4 h5 23. Nd3 Red8 24. Bh3 Bc6 25. Kh2 Kg7 26. Qb2 f6 27. Nxc5 dxc5 28. Be6
Rxd2+ 29. Qxd2 Rd8 30. Qc2 Rxd1 31. Qxd1 Qd6 32. Bd5 Bxd5 33. exd5 Qd7 34. Qc2
Qf5 35. Qxf5 gxf5 36. Kg2 1/2-1/2

[Event "ch-CHN 2018"]
[Site "Xinghua CHN"]
[Date "2018.04.21"]
[Round "4.2"]
[White "Fang, Yuxiang"]
[Black "Wen, Yang"]
[Result "0-1"]
[WhiteTitle "GM"]
[BlackTitle "GM"]
[WhiteElo "2502"]
[BlackElo "2585"]
[WhiteFideId "8605840"]
[BlackFideId "8602956"]
[EventDate "2018.04.18"]

1. Nf3 g6 2. d4 Bg7 3. g3 c5 4. Bg2 cxd4 5. Nxd4 Nc6 6. Nb3 Nf6 7. c4 d6 8. Nc3
Be6 9. Nd5 Nd7 10. O-O O-O 11. Be3 Bxb2 12. Rb1 Bg7 13. Nd4 Nxd4 14. Bxd4 Bxd4
15. Qxd4 Nc5 16. h4 h5 17. Bf3 Rc8 18. g4 hxg4 19. Bxg4 Bxg4 20. Qxg4 e6 21. Nf4
Qf6 22. h5 Qf5 23. Qxf5 gxf5 24. Kh2 Kg7 25. Rfd1 Kf6 26. Nd3 Rh8 27. Nf4 e5 28.
Nd5+ Ke6 0-1

[Event "ch-CHN 2018"]
[Site "Xinghua CHN"]
[Date "2018.04.21"]
[Round "4.3"]
[White "Liu, Guanchu"]
[Black "Wang, Chen"]
[Result "1/2-1/2"]
[WhiteTitle "IM"]
[BlackTitle "IM"]
[WhiteElo "2459"]
[BlackElo "2495"]
[WhiteFideId "8603901"]
[BlackFideId "8601020"]
[EventDate "2018.04.18"]

1. e4 e5 2. Nf3 Nc6 3. Nc3 Nf6 4. d4 exd4 5. Nxd4 Bb4 6. Nxc6 bxc6 7. Bd3 d5 8.
exd5 cxd5 9. O-O O-O 10. Bg5 c6 11. Qf3 Bd6 12. Bxf6 Qxf6 13. Qxf6 gxf6 14. Ne2
Rb8 15. b3 Bg4 16. Nd4 c5 17. Nf5 Bxf5 18. Bxf5 Rfe8 19. Rfe1 h6 20. g3 Kf8 21.
Kf1 Bc7 22. Rxe8+ Rxe8 23. Re1 Rxe1+ 24. Kxe1 Ba5+ 25. Ke2 Ke7 26. f4 c4 27. Kf3
Bb6 28. h3 Ba5 29. Ke3 Bb6+ 30. Kf3 Ba5 31. Ke3 Bb6+ 32. Kf3 Ba5 1/2-1/2

[Event "ch-CHN 2018"]
[Site "Xinghua CHN"]
[Date "2018.04.21"]
[Round "4.4"]
[White "Zeng, Chongsheng"]
[Black "Xu, Xiangyu"]
[Result "0-1"]
[WhiteTitle "GM"]
[BlackTitle "GM"]
[WhiteElo "2542"]
[BlackElo "2574"]
[WhiteFideId "8603847"]
[BlackFideId "8608288"]
[EventDate "2018.04.18"]

1. d4 Nf6 2. Nf3 g6 3. Bg5 Bg7 4. Nbd2 h6 5. Bh4 O-O 6. e4 d6 7. c3 Qe8 8. Be2
e5 9. dxe5 dxe5 10. O-O Nbd7 11. Qc2 b6 12. Nc4 Bb7 13. Nfd2 Nc5 14. f3 Nh5 15.
Rfe1 Bf6 16. Bf2 Qe7 17. b4 Ne6 18. Bf1 Rfd8 19. a4 a6 20. Nb3 Rd7 21. a5 b5 22.
Nb2 Rad8 23. Nd3 Nhf4 24. Nxf4 Nxf4 25. Bc5 Qe8 26. c4 Nd3 27. cxb5 Nxe1 28.
Rxe1 axb5 29. Bxb5 c6 30. Bc4 Be7 31. a6 Ba8 32. Qc3 Bxc5+ 33. Nxc5 Rd1 34. Nd3
Rxe1+ 35. Qxe1 Rd4 36. Qc3 Qe7 37. g3 Kg7 38. Kf2 h5 39. Ke3 Qa7 40. Nc5 Kh7 41.
h4 Qe7 42. f4 exf4+ 43. Kxd4 Qd6+ 44. Bd5 fxg3 45. Qf3 f6 46. Ne6 Qe5+ 47. Ke3
cxd5 48. Nf4 Qc3+ 49. Ke2 Qc4+ 50. Qd3 Qa2+ 51. Qd2 Qxa6+ 52. Kf3 Qa3+ 53. Kg2
dxe4 54. Qd7+ Kh6 55. Qd8 Qf3+ 56. Kh3 g2+ 0-1